Palmarès des Bleus - Statistiques

Statistiques générales
  • Ce quiz a été pris 152 fois
    97 depuis la dernière actualisation
  • Le résultat moyen est 6 sur 9
Statistiques - réponses
Année Nom des trophées % Correct
1998 Coupe du Monde
100%
2018 Coupe du Monde
100%
2000 Championnat d'Europe
98%
1984 Championnat d'Europe
98%
2021 Ligue Des Nations
78%
1984 Jeux Olympiques
39%
2001 Coupe des Confédérations
27%
2003 Coupe des Confédérations
27%
1985 Coupe Artemio-Franchi
3%
Aucun quiz correspondant
Distribution des résultats
% des personnes avec chaque résultat
Percentile par nombre de réponses
Votre historique - résultats
Vous n’avez pas pris ce quiz depuis la dernière actualisation